LEADER 00678oam 2200169z- 450 001 9910693555703321 035 $a(CKB)4970000000033347 035 $a(EXLCZ)994970000000033347 100 $a20231010c2000uuuu -u- - 101 0 $aeng 200 00$aGun control : options for improving the National Instant Criminal Background Check System : report to congressional requesters 210 $aWashington, D.C. (P.O. Box 37050, Washington 20013) 517 $aGun Control 906 $aDOCUMENT 912 $a9910693555703321 996 $aGun control : options for improving the National Instant Criminal Background Check System : report to congressional requesters$93183358 997 $aUNINA